| 000 | 01057 a2200193 4500 | ||
|---|---|---|---|
| 020 | _a0684844044 | ||
| 020 | _a9780684844046 | ||
| 082 | 0 | 4 | _a658.47 |
| 090 |
_c2513 _d2513 |
||
| 100 | 1 | _aKahaner, Larry. | |
| 245 | 1 | 0 |
_aCompetitive intelligence : _bhow to gather, analyze, and use information to move your business to the top / _cLarry Kahaner. |
| 260 |
_a[S.l.] : _bTouchstone, _c1998. |
||
| 300 |
_a304 p. ; _c24 cm. |
||
| 500 | _aPaperback. | ||
| 520 | _aThis book takes readers beyond the Information Age and into the Age of Intelligence, explaining how to turn the raw facts, statistics, and numbers about competitors' activities and market trends into practical guidelines for making the right business decisions. "Help separate the useless from the useful".--"USA Today". BOMC Selection National print & radio publicity. . | ||
| 856 | 4 | 0 |
_3Amazon.com _uhttp://www.amazon.com/exec/obidos/ASIN/0684844044/chopaconline-20 |
| 856 | 4 | 0 |
_3Amazon customer reviews _uhttp://www.chopac.org/cgi-bin/tools/azrev.pl?q=0684844044 |
| 942 |
_aNBS _cBK _k658.47 KAH |
||
| 999 |
_c345008 _d345008 |
||